[Event "17th EUR-ch"]
[Site "Gjakova KOS"]
[Date "2016.05.23"]
[Round "11.41"]
[White "Georgiev, Kiril"]
[Black "Valsecchi, Alessio"]
[Result "1-0"]
[WhiteElo "2640"]
[BlackElo "2494"]
[EventDate "2016.05.12"]
[PlyCount "115"]

1.d4 Nf6 2.c4 g6 3.Nc3 d5 4.Nf3 Bg7 5.cxd5 Nxd5 6.e4 Nxc3 7.bxc3 c5 8.Be3 
Qa5 9.Qd2 O-O 10.Rc1 Rd8 11.d5 e6 12.Bg5 f6 13.Bf4 Nc6 14.Be2 b6 15.O-O e5
16.Be3 Ba6 17.Rfd1 Qa4 18.Bxa6 Qxa6 19.Qc2 Na5 20.c4 Nb7 21.a4 Nd6 22.Nd2 
Rd7 23.a5 Qc8 24.Rb1 Rb7 25.h3 Qf8 26.Ra1 Rab8 27.axb6 axb6 28.Ra6 f5 29.
f3 Rf7 30.Rb1 Bh6 31.Qd3 f4 32.Bf2 Rfb7 33.Rb2 Ne8 34.Qa3 Qd6 35.Nb3 Bf8 
36.Na5 bxa5 37.Rxb7 Rxb7 38.Rxd6 Nxd6 39.Qa2 Rb4 40.Bxc5 Rxc4 41.Bxd6 Rc1+
42.Kf2 Bxd6 43.Qxa5 Rc8 44.Qa6 Rd8 45.Qb7 Rf8 46.Qd7 Rf6 47.h4 h5 48.g3 
fxg3+ 49.Kg2 Kf8 50.Kxg3 Be7 51.Qc7 Bd6 52.Qd7 Be7 53.Kg2 Bd6 54.Qh7 Be7 
55.f4 Rxf4 56.Qh8+ Kf7 57.Qxe5 Rxh4 58.Qe6+ 1-0

[Event "17th EUR-ch"]
[Site "Gjakova KOS"]
[Date "2016.05.23"]
[Round "11.43"]
[White "Blomqvist, Erik"]
[Black "Oleksiyenko, Mykhaylo"]
[Result "0-1"]
[WhiteElo "2526"]
[BlackElo "2622"]
[EventDate "2016.05.12"]
[PlyCount "74"]

1.e4 c5 2.Nf3 d6 3.d4 cxd4 4.Nxd4 Nf6 5.Nc3 a6 6.h3 e6 7.g4 h6 8.Bg2 Qc7 
9.f4 b5 10.e5 Bb7 11.Bxb7 Qxb7 12.Qf3 Qxf3 13.Nxf3 dxe5 14.Nxe5 Nbd7 15.
Nxd7 Kxd7 16.Be3 Bb4 17.O-O-O+ Kc6 18.Rd3 Rad8 19.Bd4 Bc5 20.Ne2 Bxd4 21.
Nxd4+ Kb6 22.c3 Rd5 23.Kc2 Rhd8 24.Re1 b4 25.a3 bxc3 26.Kxc3 R5d6 27.f5 
exf5 28.gxf5 a5 29.Re5 a4 30.Rd2 Nd7 31.Re7 Rc8+ 32.Kb4 Nb8 33.Rxf7 Nc6+ 
34.Kxa4 Nxd4 35.Rxg7 Rc4+ 36.b4 Rc8 37.b5 Rc4# 0-1

[Event "17th EUR-ch"]
[Site "Gjakova KOS"]
[Date "2016.05.23"]
[Round "11.44"]
[White "Parligras, Mircea-Emilian"]
[Black "Godena, Michele"]
[Result "1/2-1/2"]
[WhiteElo "2599"]
[BlackElo "2493"]
[EventDate "2016.05.12"]
[PlyCount "66"]

1.d4 d5 2.c4 e6 3.Nf3 a6 4.cxd5 exd5 5.Nc3 c6 6.Qc2 Bd6 7.e4 dxe4 8.Nxe4 
Nf6 9.Nxd6+ Qxd6 10.Bd3 O-O 11.O-O Bg4 12.Ne5 Qxd4 13.Nxg4 Qxg4 14.Bf5 Qh5
15.a4 g6 16.Bh3 Nbd7 17.b4 Rfe8 18.Ra3 Qe2 19.Qb1 Nb6 20.Ra2 Qe4 21.Qa1 
Nfd5 22.g3 Nc4 23.Bh6 Qe5 24.Rc1 Qxa1 25.Raxa1 Nd6 26.Rab1 Re4 27.Bd2 Rae8
28.Bg2 Rd4 29.Be1 Nc4 30.Rb3 b5 31.axb5 axb5 32.Rbb1 h5 33.Ra1 h4 1/2-1/2

[Event "17th EUR-ch"]
[Site "Gjakova KOS"]
[Date "2016.05.23"]
[Round "11.45"]
[White "Kunin, Vitaly"]
[Black "Gasanov, Eldar"]
[Result "1-0"]
[WhiteElo "2595"]
[BlackElo "2496"]
[EventDate "2016.05.12"]
[PlyCount "107"]

1.e4 c5 2.g3 g6 3.Bg2 Bg7 4.d3 Nc6 5.f4 d6 6.Nf3 e6 7.O-O Nge7 8.c3 O-O 9.
Be3 b6 10.Na3 Ba6 11.Nc2 Qd7 12.Qd2 f5 13.Rfe1 Rad8 14.Rad1 Bb7 15.exf5 
Nxf5 16.d4 cxd4 17.Ncxd4 Ncxd4 18.Nxd4 Nxe3 19.Rxe3 Bxg2 20.Qxg2 e5 21.
Qd5+ Kh8 22.Ne6 exf4 23.Nxf8 Rxf8 24.Rf3 Qg4 25.Rdf1 Be5 26.Kh1 g5 27.gxf4
gxf4 28.Rg1 Qf5 29.c4 Qf6 30.b4 Bd4 31.Rd1 Be5 32.Qe4 Rc8 33.c5 bxc5 34.
bxc5 Rg8 35.Rh3 Qg7 36.c6 Qf7 37.Rg1 Rc8 38.Rb1 Qc7 39.Rb7 Qxc6 40.Qxc6 
Rxc6 41.Rhxh7+ Kg8 42.Rhc7 Rxc7 43.Rxc7 a5 44.Kg2 f3+ 45.Kxf3 Bxh2 46.Ra7 
Kf8 47.Rxa5 Ke7 48.Ke4 d5+ 49.Kxd5 Kd7 50.Rb5 Kc7 51.a4 Bg3 52.a5 Bf2 53.
a6 Bb6 54.Rb3 1-0

[Event "17th EUR-ch"]
[Site "Gjakova KOS"]
[Date "2016.05.23"]
[Round "11.46"]
[White "Nakar, Eylon"]
[Black "Saric, Ante"]
[Result "1/2-1/2"]
[WhiteElo "2498"]
[BlackElo "2594"]
[EventDate "2016.05.12"]
[PlyCount "70"]

1.e4 e6 2.d4 d5 3.Nc3 Nf6 4.Bg5 dxe4 5.Nxe4 Be7 6.Bxf6 gxf6 7.Qd2 f5 8.Nc3
a6 9.g3 Qd6 10.Bg2 Nd7 11.O-O-O Rb8 12.f4 b5 13.Nf3 Nb6 14.Ne5 Nc4 15.Qe2 
Qb4 16.Bc6+ Kf8 17.Nxc4 bxc4 18.Na4 c3 19.bxc3 Qd6 20.Qe5 Qxe5 21.dxe5 a5 
22.Kd2 Kg7 23.Rb1 Ba6 24.Ke3 Bc4 25.Rxb8 Rxb8 26.Rd1 Bxa2 27.Rd7 Kf8 28.
Rxc7 Rb1 29.Rc8+ Kg7 30.Rc7 Kf8 31.Bf3 Rc1 32.Kd2 Rf1 33.Ke2 Rc1 34.Kd2 
Rf1 35.Ke2 Rc1 1/2-1/2

[Event "17th EUR-ch"]
[Site "Gjakova KOS"]
[Date "2016.05.23"]
[Round "11.47"]
[White "Draskovic, Luka"]
[Black "Prohaszka, Peter"]
[Result "1/2-1/2"]
[WhiteElo "2454"]
[BlackElo "2593"]
[EventDate "2016.05.12"]
[PlyCount "24"]

1.c4 c6 2.e4 d5 3.exd5 cxd5 4.cxd5 Nf6 5.Nc3 Nxd5 6.Nf3 Nc6 7.Bb5 e6 8.O-O
Be7 9.d4 O-O 10.Re1 Bd7 11.Bc4 Ncb4 12.Qe2 Bc6 1/2-1/2

[Event "17th EUR-ch"]
[Site "Gjakova KOS"]
[Date "2016.05.23"]
[Round "11.48"]
[White "Alexandrov, Alexei"]
[Black "Druska, Juraj"]
[Result "1/2-1/2"]
[WhiteElo "2592"]
[BlackElo "2466"]
[EventDate "2016.05.12"]
[PlyCount "25"]

1.d4 Nf6 2.c4 e6 3.Nc3 Bb4 4.e3 b6 5.Ne2 c5 6.a3 Ba5 7.Rb1 Na6 8.f3 O-O 9.
d5 exd5 10.cxd5 c4 11.Bd2 Re8 12.Kf2 Nc5 13.Ng3 1/2-1/2

[Event "17th EUR-ch"]
[Site "Gjakova KOS"]
[Date "2016.05.23"]
[Round "11.50"]
[White "Stefansson, Hannes"]
[Black "Petrov, Nikita"]
[Result "1/2-1/2"]
[WhiteElo "2581"]
[BlackElo "2475"]
[EventDate "2016.05.12"]
[PlyCount "28"]

1.e4 d5 2.exd5 Qxd5 3.Nc3 Qd6 4.d4 Nf6 5.Nf3 Bg4 6.h3 Bh5 7.g4 Bg6 8.Ne5 
Nbd7 9.Nxg6 hxg6 10.Bg2 c6 11.d5 cxd5 12.Nxd5 O-O-O 13.Bf4 Qa6 14.Qe2 
Qxe2+ 1/2-1/2